000 02002nam0a2200349 4500
001 RU\NLR\BIBL_A\010689302
005 20260408121049.0
010 _a978-5-209-06226-4
_9100
021 _aRU
_b2015-1836
_998
035 _a(NILC)RuMoRGB-007851260
035 _a(NLR Aleph) 010689302
090 _a9677856
_c9677856
100 _a20150304d2015 |||y0rusy50 ca
101 0 _aeng
102 _aRU
105 _ay|||j|||000yy
200 1 _aThe history and methodology of legal studies
_aThe philosophy of law
_aThe history of political and legal studies
_ecourses syllabi
_especialty 030900 "Law", masters' programme "International protection of human rights"
_fPeoples' friendship univ. of Russia, Fac. of law, the Dep. of theory a. history of state a. law
_g[сост.: Н. В. Варламова и др.]
210 _aMoscow
_cPeoples' friendship univ. of Russia
_d2015
215 _a88 с.
_d21
300 _aВ вып. дан.: История и методология юридической науки. Философия права. Сравнительное правоведение. История политических и правовых учений
320 _aБиблиогр. в конце ст.
517 1 _aИстория и методология юридической науки
_aФилософия права
_aСравнительное правоведение
_aИстория политических и правовых учений
606 1 _aПраво
_jУчебные издания
_9894779
_3RU\NLR\AUTH\664055
686 1 _aХ.я7
702 1 _aVarlamova
_bN.V.
_cканд. юрид. наук
_f1952-
_gNatal'ja Vladimirovna
_4220
712 0 2 _4570
_8eng
_aPeoples friendship university of Russia
_bDepartment of theory and history of state and law
_7ba
_3RU\NLR\AUTH\880393874
_9453746
801 0 _aRU
_bРГБ
_c20150120
_gRCR
801 1 _aRU
_bРГБ
_c20150120
_2rusmarc
942 _cBOOK
980 _aNB